000
00247nam a2200097Ia 4500
008
220204s9999 xx 000 0 und d
082
_a
NR:016 1976
_b
RRM
245
0
_a
Publications of RRIM for 1975
260
_a
Kuala Lumpur
_b
RRIM
_c
1977
942
_c
BK
999
_c
43429
_d
43429